LEADER 01264nam 2200445 450 001 9910826429603321 005 20230725050234.0 010 $a0-87609-458-2 010 $a1-283-08487-2 010 $a9786613084873 010 $a0-87609-443-4 035 $a(CKB)3390000000007691 035 $a(MiAaPQ)EBC4877460 035 $a(MiAaPQ)EBC30003638 035 $a(Au-PeEL)EBL30003638 035 $a(EXLCZ)993390000000007691 100 $a20200103d2011 uy 0 101 0 $aeng 135 $aurcnu|||||||| 181 $ctxt$2rdacontent 182 $cc$2rdamedia 183 $acr$2rdacarrier 200 14$aThe drug war in Mexico $econfronting a shared threat /$fDavid A. Shirk 205 $a1st ed. 210 1$aNew York, New York :$cCouncil on Foreign Relations,$d[2011] 210 4$dİ2011 215 $a1 online resource (xii, 43 pages) 225 1 $aCSR ;$vNumber 60 410 0$aCSR (New York, N.Y.) ;$vNumber 60. 606 $aDrug traffic$zMexico 615 0$aDrug traffic 676 $a363.450972 700 $aShirk$b David A.$f1971-$01691188 801 0$bMiAaPQ 801 1$bMiAaPQ 801 2$bMiAaPQ 906 $aBOOK 912 $a9910826429603321 996 $aThe drug war in Mexico$94067399 997 $aUNINA LEADER 02323nam0 22004693i 450 001 VAN0249392 005 20230531084417.348 017 70$2N$a9783030501808 100 $a20220830d2020 |0itac50 ba 101 $aeng 102 $aCH 105 $a|||| ||||| 200 1 $aLectures on Convex Geometry$fDaniel Hug, Wolfgang Weil 210 $aCham$cSpringer$d2020 215 $axviii, 287 p.$cill.$d24 cm 410 1$1001VAN0023579$12001 $aGraduate texts in mathematics$1210 $aNew York [etc.]$cSpringer$v286 500 1$3VAN0249393$aLectures on Convex Geometry$92905459 606 $a52-XX$xConvex and discrete geometry [MSC 2020]$3VANC019811$2MF 606 $a52A20$xConvex sets in $n$ dimensions (including convex hypersurfaces) [MSC 2020]$3VANC023130$2MF 606 $a52A39$xMixed volumes and related topics in convex geometry [MSC 2020]$3VANC023203$2MF 606 $a53A05$xSurfaces in Euclidean and related space [MSC 2020]$3VANC023814$2MF 606 $a26A51$xConvexity of real functions in one variable, generalizations [MSC 2020]$3VANC028644$2MF 606 $a52A38$xLength, area, volume (aspects of convex geometry) [MSC 2020]$3VANC028779$2MF 606 $a52B05$xCombinatorial properties (number of faces, shortest paths, etc.) [MSC 2020]$3VANC033552$2MF 606 $a52A10$xConvex sets in $2$ dimensions (including convex curves) [MSC 2020]$3VANC037115$2MF 610 $aBrunn-Minkowski theory$9KW:K 610 $aConvex sets and functions$9KW:K 610 $aIntegral geometry$9KW:K 610 $aValuations$9KW:K 610 $aZonoids$9KW:K 620 $aCH$dCham$3VANL001889 700 1$aHug$bDaniel$3VANV046527$01065686 701 1$aWeil$bWolfgang$3VANV046529$0297890 712 $aSpringer $3VANV108073$4650 801 $aIT$bSOL$c20240614$gRICA 856 4 $uhttp://doi.org/10.1007/978-3-030-50180-8$zE-book ? Accesso al full-text attraverso riconoscimento IP di Ateneo, proxy e/o Shibboleth 899 $aBIBLIOTECA DEL DIPARTIMENTO DI MATEMATICA E FISICA$1IT-CE0120$2VAN08 912 $fN 912 $aVAN0249392 950 $aBIBLIOTECA DEL DIPARTIMENTO DI MATEMATICA E FISICA$d08CONS e-book 4716 $e08eMF4716 20220830 996 $aLectures on Convex Geometry$92905459 997 $aUNICAMPANIA